000 006020000a22001810004500
003 MACL
005 20160330112115.0
008 160330b xxu||||| |||| 00| 0 eng d
040 _aMACL
_cMACL
041 _aHindi
082 _a100
100 _aअरविन्‍द श्री
_948815
245 _aमानव-एकता का आदर्श
_bयुद्ध और आत्‍म निर्णय
260 _bश्रीअरविन्‍द आश्रम
_c1992
_aपांडिचेरी
350 _a125
650 _aPhilisophy
_948816
942 _cHIN
_k100
_2ddc
999 _c20348
_d20348